000 00708cam a22002411 4500
001 sa 66004557
003 DLC
005 20260227112243.0
008 861119s1964 ii 000 0 eng
010 _asa 66004557
025 _aPL480:I-E-5628
035 _a(OCoLC)14766749
040 _aDLC
_cWaU
_dWaU
_dDLC
042 _apremarc
050 0 0 _aHF3788.S6
_bR3
100 1 _aRaj, K. N.
_q(Kakkadan Nandanath),
_d1924-2010.
245 1 0 _aIndia's trade boycott of South Africa
_c[by K.N. Raj.
260 _aNew Delhi,
_bInformation Service of India,
_c1964]
300 _a10 p.
_c21 cm.
500 _aCover title.
651 0 _aIndia
_xCommerce
_zSouth Africa.
651 0 _aSouth Africa
_xCommerce
_zIndia.
999 _c69492
_d69492